000 01113nmc a2200385 a 4500
003 AR-BaBNM
005 20251128203455.0
008 097019s1984 ||||||||||||||000 | spa||
040 _cAR-BaBNM
100 1 _aBaoxi, Zhou
245 1 0 _aChina después de Mao
_bcolección de 80 artículos sobre el tema por redactores de "Beijing Informa"
250 _a1ª ed.
260 _aBeijing
_bBeijing Informa
_c1984
300 0 _a225 p.
_bil.
490 0 _aChina de hoy. Sección especial de Beijing Informa
650 4 _aSISTEMAS ECONOMICOS
650 4 _aPOLITICA ECONOMICA
650 4 _aSOCIALISMO
650 4 _aMODOS DE PRODUCCION
650 4 _aPOLITICA AGRARIA
650 4 _aECONOMIA SOCIALISTA
650 4 _aCOMUNISMO
650 4 _aREFORMA ECONOMICA
650 4 _aREFORMA AGRARIA
650 4 _aHISTORIA POLITICA
651 4 _aChina
653 0 _aMAOISMO
700 1 _aZhiguo, An
_ecolaborador
700 1 _aXiangrong, Xin
_ecolaborador
700 1 _aLin, Xin
_ecolaborador
700 1 _aDacheng, Wang
_ecolaborador
700 1 _aYoulin, Mu
_ecolaborador
942 _cBK
998 _cSILVI
999 _c3546
_d3546